Top Three Most Populated Cities in Each State - Statistics

General Stats
  • This quiz has been taken 27 times
    18 since last reset
  • The average score is 79 of 150
Answer Stats
State Population City % Correct
Alabama 195,378 Birmingham
93%
Georgia 525,088 Atlanta
87%
Colorado 731,868 Denver
87%
Hawaii 341,778 Honolulu
87%
Mississippi 138,560 Jackson
87%
Florida 1,024,310 Jacksonville
87%
Alaska 31,414 Juneau
87%
Arkansas 205,315 Little Rock
87%
California 3,874,297 Los Angeles
87%
Florida 498,060 Miami
87%
Alabama 200,086 Mobile
87%
Arizona 1,688,306 Phoenix
87%
California 1,409,359 San Diego
87%
Florida 421,042 Tampa
87%
Alaska 289,273 Anchorage
80%
Maryland 564,541 Baltimore
80%
Louisiana 219,565 Baton Rouge
80%
Massachusetts 682,313 Boston
80%
Ohio 316,242 Cincinnati
80%
Ohio 363,760 Cleveland
80%
Georgia 200,533 Columbus
80%
Ohio 939,962 Columbus
80%
Texas 1,331,752 Dallas
80%
Iowa 212,927 Des Moines
80%
Michigan 647,539 Detroit
80%
Texas 2,412,920 Houston
80%
Indiana 892,551 Indianapolis
80%
Kansas 156,864 Kansas City
80%
Missouri 518,016 Kansas City
80%
Nevada 686,711 Las Vegas
80%
Nebraska 302,814 Lincoln
80%
Tennessee 708,772 Nashville
80%
Louisiana 357,532 New Orleans
80%
New York 8,412,513 New York
80%
Oklahoma 720,377 Oklahoma City
80%
Pennsylvania 1,567,198 Philadelphia
80%
Maine 69,769 Portland
80%
Oregon 631,394 Portland
80%
Rhode Island 195,681 Providence
80%
North Carolina 508,316 Raleigh
80%
Washington 791,093 Seattle
80%
Arizona 556,854 Tucson
80%
North Carolina 960,608 Charlotte
73%
Illinois 2,715,336 Chicago
73%
Delaware 40,387 Dover
73%
New Jersey 307,433 Jersey City
73%
Kentucky 643,033 Louisville
73%
Minnesota 428,039 Minneapolis
73%
Nebraska 488,385 Omaha
73%
Pennsylvania 308,885 Pittsburgh
73%
Utah 222,062 Salt Lake City
73%
Texas 1,548,485 San Antonio
73%
California 994,288 San Jose
73%
New Mexico 559,186 Albuquerque
67%
Idaho 238,443 Boise
67%
South Carolina 159,315 Charleston
67%
West Virginia 45,942 Charleston
67%
Colorado 496,514 Colorado Springs
67%
Maryland 108,346 Columbia
67%
South Carolina 146,933 Columbia
67%
New Hampshire 44,768 Concord
67%
Alaska 31,563 Fairbanks
67%
Wisconsin 287,904 Madison
67%
Tennessee 606,551 Memphis
67%
Wisconsin 560,124 Milwaukee
67%
Oregon 181,513 Salem
67%
Missouri 274,540 St. Louis
67%
Delaware 73,759 Wilmington
67%
Georgia 201,663 Augusta
60%
Colorado 407,211 Aurora
60%
illinois 180,822 Aurora
60%
Connecticut 152,570 Bridgeport
60%
Wyoming 65,809 Cheyenne
60%
Kentucky 331,139 Lexington
60%
Arizona 519,951 Mesa
60%
Delaware 30,483 Newark
60%
New Jersey 325,381 Newark
60%
Connecticut 139,624 New Haven
60%
Massachusetts 1555,556 Springfield
60%
Missouri 170,955 Springfield
60%
Minnesota 306,549 St. Paul
60%
Kansas 401,722 Wichita
60%
North Dakota 78,779 Bismarck
53%
Vermont 44,353 Burlington
53%
North Dakota 138,859 Fargo
53%
Michigan 200,462 Grand Rapids
53%
Minnesota 124,136 Rochester
53%
South Dakota 213,249 Sioux Falls
53%
Oklahoma 415,526 Tulsa
53%
Virginia 453,591 Virginia Beach
53%
Iowa 137,915 Cedar Rapids
47%
Oregon 178,873 Eugene
47%
Indiana 275,405 Fort Wayne
47%
North Carolina 310,258 Greensboro
47%
Alabama 233,907 Huntsville
47%
Tennessee 200,595 Knoxville
47%
New Hampshire 117,080 Manchester
47%
Washington 230,313 Tacoma
47%
Massachusetts 213,361 Worcester
47%
Pennsylvania 127,489 Allentown
40%
Montana 122,545 Billings
40%
Arkansas 105,221 Fayetteville
40%
Nevada 302,249 North Las Vegas
40%
Louisiana 174,023 Shreveport
40%
Washington 230,960 Spokane
40%
Wyoming 58,700 Casper
33%
Wisconsin 106,064 Green Bay
33%
Nevada 357,883 Henderson
33%
Montana 79,153 Missoula
33%
Illinois 154,046 Naperville
33%
Connecticut 140,049 Stamford
33%
Indiana 114,899 Evansville
27%
Hawaii 48,718 Hilo
27%
West Virginia 44,489 Huntington
27%
New Jersey 162,389 Paterson
27%
Kentucky 80,727 Bowling Green
20%
Virginia 256,314 Chesapeake
20%
Iowa 100,759 Davenport
20%
Arkansas 90,844 Fort Smith
20%
Maryland 92,322 Frederick
20%
Mississippi 75,056 Gulfport
20%
New York 796,559 Hempstead
20%
New Mexico 118,317 Las Cruces
20%
West Virginia 30,598 Morgantown
20%
Idaho 121,330 Nampa
20%
Oklahoma 131,717 Norman
20%
South Dakota 81,131 Rapid City
20%
Rhode Island 83,727 Warwick
20%
South Dakota 27,789 Aberdeen
13%
Virginia 242,900 Arlington
13%
Wyoming 33,934 Gillette
13%
Montana 59,903 Great Falls
13%
New Hampshire 92,574 Nashua
13%
South Carolina 128,603 North Charleston
13%
Utah 137,681 West Valley City
13%
Maine 32,492 Bangor
7%
Rhode Island 84,867 Cranston
7%
Hawaii 49,420 East Honolulu
7%
North Dakota 60,019 Grand Forks
7%
Maine 38,835 Lewiston
7%
Idaho 144,801 Meridian
7%
Kansas 204,153 Overland Park
7%
Nebraska 64,682 Bellevue
0%
New York 495,150 Brookhaven
0%
Vermont 17,972 Colchester
0%
New Mexico 114,544 Rio Rancho
0%
Mississippi 58,154 Southaven
0%
Vermont 22,087 South Burlington
0%
Michigan 137,305 Warren
0%
Utah 116,601 West Jordan
0%
No matching quizzes found
Score Distribution
Percent of People with Each Score
Percentile by Number Answered
Your Score History
You have not taken this quiz since the last reset